000 00695nam a2200205Ii 4500
003 JO-AjNU
008 230605s9999||||xx |||||||||||||| ||und||
040 _aJO-AjNU
_bara
_erda
_cJO-AjNU
041 _aara
050 1 4 _aBP130.4.Q7248 1995
100 3 _aقطب، سيد؛ اعداد ونقديم حسان عبد المنان محمود,
_eauthor
_937700
245 0 0 _aإثبات وجود الله في كتاب ظلال القرآن
250 _aط1
264 3 1 _aبيروت: دار الجيل، 1995
300 _a374ص
336 _atext
_btxt
_2rdacontent
337 _aunmediated
_bn
_2rdamedia
338 _avolume
_bnc
_2rdacarrier
650 4 _aقران كريم - تفسير
_937701
999 _aA15776
_c19344
_d19344